How english works A grammar practice book with answers

Shranjeno v:
Bibliografske podrobnosti
Glavni avtor: Swan, Michael
Drugi avtorji: Walter, Catherine
Format: Knjiga
Jezik:English
Izdano: Oxford Oxford Univ. Press 1997
Teme:
Oznake: Označite
Brez oznak, prvi označite!
Thư viện lưu trữ: Trung tâm Học liệu Lê Vũ Hùng, Trường Đại học Đồng Tháp
LEADER 00913pam a22003258a 4500
001 00027995
005 20171026081022.0
008 111222s1997 ||||||engsd
020 # # |a 0194314561 
041 0 # |a eng 
082 1 4 |a 428  |b H435E 
100 1 # |a Swan, Michael 
245 1 0 |b A grammar practice book with answers  |c Michael Swan, Catherine Walter  |a How english works 
260 # # |a Oxford  |b Oxford Univ. Press  |c 1997 
300 # # |a 358p.  |c 25cm.  |b ill. 
650 # 4 |a English language  |x Textbooks for foreihn speakers 
653 # # |a Tiếng anh 
653 # # |a Từ vựng 
653 # # |a Anh ngữ thực hành 
700 1 # |a Walter, Catherine 
852 # # |b Kho đọc  |j KD.0012375 
852 # # |j KD.0012375 
910 0 # |d 22/12/2011 
980 # # |a Trung tâm Học liệu Lê Vũ Hùng, Trường Đại học Đồng Tháp